| 000 | 00360nam a22001457a 4500 | ||
|---|---|---|---|
| 003 | SGT | ||
| 082 |
_a612.015 _bS21K |
||
| 100 | _aKATARIA, POONAM | ||
| 245 | _aSTUDY THE LEVELS OF HOMOCYSTEINE, CYSTATIN C IN CHRONIC KIDNEY DISEASE | ||
| 260 |
_aGURUGRAM _bSGT UNIVERSITY _c2021 |
||
| 300 | _a47 | ||
| 650 | _aBIOCHEMISTRY | ||
| 653 | _aM.Sc | ||
| 942 |
_2ddc _cTH |
||
| 999 |
_c26636 _d26636 |
||